[Event "South America-ch U16 16th"]
[Site "Buenos Aires"]
[Date "2019.12.03"]
[Round "4.6"]
[White "Koncurat, Tomas"]
[Black "Tomiello, Lucas Costamilan"]
[Result "0-1"]
[WhiteElo "1915"]
[BlackElo "2083"]
[PlyCount "46"]
[EventDate "2019.12.01"]
[EventType "swiss"]
[EventRounds "9"]
[EventCountry "ARG"]
[SourceTitle "EXT 2024"]
[Source "ChessBase"]
[SourceDate "2023.10.10"]
[SourceVersion "1"]
[SourceVersionDate "2023.10.10"]
[SourceQuality "1"]

1. d4 Nf6 2. c4 g6 3. Nc3 d5 4. cxd5 Nxd5 5. e4 Nxc3 6. bxc3 Bg7 7. Nf3 c5 8. Rb1 0-0 9. Be2 b6 10. Bb2 e6 11. dxc5 Bb7 12. Qc2 Qc7 13. Ba3 Rc8 14. 0-0 Nd7 15. Nd4 Nxc5 16. f3 Be5 17. h3 Qd8 18. Qd1 Qf6 19. Bc4 Qf4 20. Ne2 Qe3+ 21. Kh1 Nxe4 22. fxe4 Bxe4 23. Bc1 Qxh3+ 0-1

[Event "South America-ch U16 16th"]
[Site "Buenos Aires"]
[Date "2019.12.02"]
[Round "2.1"]
[White "Koncurat, Tomas"]
[Black "Ibarra, Juan Martin"]
[Result "1/2-1/2"]
[WhiteElo "1915"]
[BlackElo "2196"]
[PlyCount "92"]
[EventDate "2019.12.01"]
[EventType "swiss"]
[EventRounds "9"]
[EventCountry "ARG"]
[SourceTitle "EXT 2024"]
[Source "ChessBase"]
[SourceDate "2023.10.10"]
[SourceVersion "1"]
[SourceVersionDate "2023.10.10"]
[SourceQuality "1"]

1. d4 d5 2. Nf3 Nf6 3. c4 e6 4. g3 Bb4+ 5. Bd2 Bd6 6. Bg2 0-0 7. 0-0 c6 8. Qc2 Nbd7 9. Bf4 Bxf4 10. gxf4 Ne4 11. Nbd2 f5 12. e3 Qe7 13. Rac1 b6 14. Rfd1 Bb7 15. cxd5 exd5 16. Ne5 Nxe5 17. fxe5 Qh4 18. f3 Ng5 19. f4 Ne6 20. Nf3 Qe7 21. h4 Rac8 22. Ng5 g6 23. Qd2 Rfd8 24. b4 Ng7 25. Rc2 h6 26. Nf3 Ne6 27. Rdc1 Kg7 28. Bh3 c5 29. bxc5 bxc5 30. h5 cxd4 31. Nxd4 Nxd4 32. Qxd4 Rc4 33. Rxc4 dxc4 34. Qxc4 Rc8 35. Qf1 Qa3 36. Rxc8 Bxc8 37. Qf2 g5 38. fxg5 hxg5 39. Bxf5 Bxf5 40. Qxf5 Qxe3+ 41. Kg2 Qe2+ 42. Qf2 Qg4+ 43. Kf1 Qd1+ 44. Kg2 Qg4+ 45. Kf1 Qd1+ 46. Qe1 Qf3+ 1/2-1/2

[Event "ARG-ch U16"]
[Site "Buenos Aires"]
[Date "2019.03.05"]
[Round "9.3"]
[White "Aguilar Samper, Valentin"]
[Black "Koncurat, Tomas"]
[Result "0-1"]
[WhiteElo "1837"]
[BlackElo "1797"]
[PlyCount "122"]
[EventDate "2019.03.01"]
[EventType "swiss"]
[EventRounds "9"]
[EventCountry "ARG"]
[SourceTitle "EXT 2024"]
[Source "ChessBase"]
[SourceDate "2023.10.10"]
[SourceVersion "1"]
[SourceVersionDate "2023.10.10"]
[SourceQuality "1"]

1. c4 c5 2. Nc3 g6 3. g3 Bg7 4. Bg2 Nc6 5. e4 e5 6. Nge2 Nge7 7. Rb1 d6 8. d3 0-0 9. a3 a5 10. 0-0 f5 11. Bd2 h6 12. Kh1 g5 13. f4 g4 14. Nd5 h5 15. h4 gxh3 16. Bf3 fxe4 17. dxe4 h4 18. f5 Nxf5 19. exf5 Bxf5 20. g4 Bg6 21. Nec3 Bxb1 22. Qxb1 Nd4 23. Be4 Rb8 24. a4 Kh8 25. Ne3 Qg5 26. Bf5 Bh6 27. Ne4 Qg7 28. g5 Bxg5 29. Nxg5 Qxg5 30. Qe4 Nxf5 31. Nxf5 Qg2+ 32. Qxg2 hxg2+ 33. Kxg2 Rf6 34. Kh3 Rbf8 35. Kg4 Rg8+ 36. Kxh4 Rg2 37. Bxa5 Rf7 38. Kh3 Rg5 39. Rd1 Rgxf5 40. Rxd6 R5f6 41. Rxf6 Rxf6 42. Bc3 Rf5 43. Kg4 Rf4+ 44. Kg3 Rxc4 45. Bxe5+ Kg8 46. a5 Kf7 47. Kf3 Ke6 48. Bc3 Kd5 49. Ke3 Rh4 50. Kd3 Rh3+ 51. Kc2 c4 52. Bb4 Kc6 53. Kb1 Kb5 54. Bd2 Rh2 55. Bc3 Ka4 56. Ka2 Re2 57. Kb1 Kb3 58. Kc1 Rc2+ 59. Kb1 Rg2 60. Kc1 Rg1+ 61. Kd2 Rb1 0-1

[Event "ARG-ch sf U2300 Wilson Memorial 4th"]
[Site "La Falda"]
[Date "2017.06.24"]
[Round "1.8"]
[White "Martinez, Francisco Guillermo"]
[Black "Koncurat, Tomas"]
[Result "0-1"]
[WhiteElo "1496"]
[BlackElo "1754"]
[PlyCount "54"]
[EventDate "2017.06.24"]
[EventType "swiss"]
[EventRounds "6"]
[EventCountry "ARG"]
[SourceTitle "EXT 2024"]
[Source "ChessBase"]
[SourceDate "2023.10.10"]
[SourceVersion "1"]
[SourceVersionDate "2023.10.10"]
[SourceQuality "1"]

1. d4 Nf6 2. c4 e6 3. Nf3 d5 4. Nc3 c6 5. cxd5 exd5 6. Bg5 Be7 7. e3 Nbd7 8. Bd3 0-0 9. 0-0 Re8 10. Rc1 h6 11. Bh4 g6 12. a3 Kg7 13. Qc2 Ne4 14. Bxe7 Qxe7 15. b4 a6 16. Na4 Ng5 17. Nd2 f5 18. Nc5 b6 19. Ncb3 Bb7 20. Rfd1 Rac8 21. Nf1 Ne4 22. Ng3 Ndf6 23. Be2 h5 24. Bd3 h4 25. Ne2 Nxf2 26. Kxf2 Ng4+ 27. Kg1 Qxe3+ 0-1

[Event "ARG-ch sf U2300 Villa Maria 2nd"]
[Site "Villa Maria"]
[Date "2017.04.23"]
[Round "4.2"]
[White "Koncurat, Tomas"]
[Black "Marconi, Nicolas"]
[Result "1-0"]
[WhiteElo "1666"]
[BlackElo "1645"]
[PlyCount "37"]
[EventDate "2017.04.22"]
[EventType "swiss"]
[EventRounds "6"]
[EventCountry "ARG"]
[SourceTitle "EXT 2024"]
[Source "ChessBase"]
[SourceDate "2023.10.10"]
[SourceVersion "1"]
[SourceVersionDate "2023.10.10"]
[SourceQuality "1"]

1. d4 Nf6 2. Nf3 g6 3. c4 c5 4. d5 b5 5. cxb5 a6 6. bxa6 Bxa6 7. Nc3 Bg7 8. e4 Bxf1 9. Kxf1 d6 10. g3 Na6 11. Kg2 Nb4 12. a3 c4 13. Ne1 Nd7 14. Rb1 Na6 15. Qa4 Nac5 16. Qxc4 Qb6 17. Be3 0-0 18. Nd3 Rfc8 19. Nxc5 1-0

[Event "ARG-ch U14"]
[Site "Capilla del Monte"]
[Date "2016.05.23"]
[Round "5.2"]
[White "Petrelli, Luis Mariano"]
[Black "Koncurat, Tomas"]
[Result "1-0"]
[WhiteElo "1566"]
[BlackElo "1518"]
[PlyCount "120"]
[EventDate "2016.05.21"]
[EventType "tourn"]
[EventRounds "9"]
[EventCountry "ARG"]
[SourceTitle "EXT 2024"]
[Source "ChessBase"]
[SourceDate "2023.10.10"]
[SourceVersion "1"]
[SourceVersionDate "2023.10.10"]
[SourceQuality "1"]

1. e4 e5 2. Nf3 Nc6 3. Bb5 d6 4. c3 Bd7 5. d3 Nf6 6. Nbd2 Be7 7. h3 0-0 8. Qe2 a6 9. Ba4 Re8 10. 0-0 Bf8 11. Re1 g6 12. Nf1 Bg7 13. Bg5 Qe7 14. Ne3 Qd8 15. Nd5 b5 16. Bb3 Na5 17. Bc2 c6 18. Bxf6 Bxf6 19. Ne3 Bg7 20. g4 Nb7 21. Kg2 Qc7 22. Rh1 Rf8 23. Rag1 Nd8 24. Bb3 Be6 25. Kf1 Bxb3 26. axb3 Ne6 27. h4 Nf4 28. Qc2 a5 29. Ke1 a4 30. b4 Ra6 31. Kd2 Rfa8 32. h5 a3 33. b3 a2 34. Ra1 Qd7 35. hxg6 hxg6 36. Qd1 Ra3 37. Kc2 Qc7 38. Kb2 R3a7 39. Qc1 Qe7 40. g5 f6 41. gxf6 Qxf6 42. Ng4 Qe6 43. Nh6+ Bxh6 44. Rxh6 Qg4 45. Qd1 Nh5 46. Qh1 Kf7 47. Rh7+ Ng7 48. Qh6 Kf6 49. Qe3 Qf4 50. d4 Qxe3 51. fxe3 g5 52. Rh6+ Ke7 53. Nxg5 exd4 54. exd4 Ra6 55. e5 dxe5 56. dxe5 R8a7 57. Ne4 Kf7 58. Rf6+ Ke7 59. Nc5 Rb6 60. Rxa2 Rc7 1-0

[Event "ARG-ch sf U14"]
[Site "Villaguay"]
[Date "2016.02.25"]
[Round "4"]
[White "Koncurat, Tomas"]
[Black "Rueda Nessi, Francisco"]
[Result "1/2-1/2"]
[WhiteElo "1414"]
[BlackElo "1613"]
[PlyCount "50"]
[EventDate "2016.02.23"]
[EventType "swiss"]
[EventRounds "8"]
[EventCountry "ARG"]
[SourceTitle "EXT 2017"]
[Source "ChessBase"]
[SourceDate "2016.10.25"]
[SourceVersion "1"]
[SourceVersionDate "2016.10.25"]
[SourceQuality "1"]

1. e4 c5 2. Nf3 d6 3. d3 Nc6 4. Nbd2 Nf6 5. g3 g6 6. Bg2 Bg7 7. 0-0 0-0 8. Re1 e5 9. Nf1 Be6 10. Bg5 Qe7 11. Qd2 Rfe8 12. Bxf6 Bxf6 13. h4 Nd4 14. c3 Nxf3+ 15. Bxf3 Bg7 16. c4 b5 17. b3 b4 18. Ne3 Bh6 19. Qe2 Bxe3 20. Qxe3 d5 21. a3 bxa3 22. Rxa3 Reb8 23. Qd2 Rb4 24. Rea1 a5 25. Bd1 Qb7 1/2-1/2